Trabajo, sistemas de protección social y familia : los temporeros frutícolas del Maule /

Este estudio busca comprender los nuevos rasgos de la "cuestión social", una vez que la inestabilidad laboral se ha transformado en la norma. Está circunscrito al proceso modernizador de la agricultura que masificó el trabajo temporal para hombres y mujeres. Analiza la relación entre el trabajo y lo...

Descripción completa

Detalles Bibliográficos
Autor principal: Valdés Subercaseaux, Ximena
Formato: Analitica de revista
Lenguaje:español
Publicado: Santiago, Chile SUR 2001
Materias:

MARC

LEADER 00000cab a2200000 a 4500
001 037922
003 UAHC_CL
005 20190810063146.0
008 140120s2001 cl 000 spa
952 |0 0  |1 0  |4 0  |6 PROPOSICIONES_32_01_000000000000000  |7 0  |8 COMP  |9 71938  |a BC  |b BC  |c COMP  |d 2017-08-03  |l 0  |o PROPOSICIONES-32/01  |r 2017-08-03 00:00:00  |t 1  |w 2017-08-03  |y REVA 
999 |c 37922  |d 37922 
040 |a UAHC_CL  |c UAHC_CL  |d UAHC_CL 
100 |a Valdés Subercaseaux, Ximena  |9 5787 
245 1 0 |a Trabajo, sistemas de protección social y familia :  |b los temporeros frutícolas del Maule /  |c Ximena Valdés Subercaseaux. 
260 |b SUR  |c 2001  |a Santiago, Chile 
300 |a pp. 143-172 
310 |a Anual. 
362 0 |a Año 1, no. 1 (nov. 2002)- . 
500 |a En: Proposiciones. no. 32, 2001. pp. 143-172. ISSN. 956208051X. 
520 |a Este estudio busca comprender los nuevos rasgos de la "cuestión social", una vez que la inestabilidad laboral se ha transformado en la norma. Está circunscrito al proceso modernizador de la agricultura que masificó el trabajo temporal para hombres y mujeres. Analiza la relación entre el trabajo y los sistemas de protección social brindados por el Estado y la familia, en una de las regiones donde se ha establecido la fruticultura. 
650 4 |a TRABAJADORES DE TEMPORADA  |z CHILE  |z SEPTIMA REGION 
650 4 |a TRABAJADORES DE TEMPORADA  |z CHILE  |x CONDICIONES SOCIALES 
900 |a PROPOSICIONES-32/01 
942 |c REVA  |2 ddc